| 000 | 00870nas a2200289 4500 | ||
|---|---|---|---|
| 001 | BR0901782 | ||
| 003 | BR-BrBNA | ||
| 005 | 20231205112633.0 | ||
| 007 | ta | ||
| 008 | 230509b bl.|||p| |||| 00| 00por d | ||
| 040 |
_aBR-BrBNA _bpor _cBiblioteca Nacional de Agricultura |
||
| 041 | _a(Pt) | ||
| 072 | _aH10 | ||
| 100 | 1 | _aQueiroz, E.C. de | |
| 100 | 1 | _aDedecek, R. | |
| 100 | 1 | _aLazzari, S.M.N. | |
| 100 | 1 | _aReis Filho, W. | |
| 245 | 1 | _aInfestação e danos de Cinara atlantica relacionados com o estado nutricional e hídrico em mudas de Pinus taeda L. | |
| 650 | _aPINHEIRO | ||
| 650 | _aPULGÃO | ||
| 650 | _aINFESTAÇÃO | ||
| 650 | _aSTRESS | ||
| 650 | _aDEFICIÊNCIA HÍDRICA | ||
| 773 | 0 |
_tFloresta (Brazil) _xISSN 0015-3826 _g(Jan-Mar 2008), v. 38(1) p. 97-105 _wBR0901782 |
|
| 909 |
_a202311 _bLúcia _c55 _dLúcia Elande |
||
| 942 |
_2AGRIS _n0 _cANA |
||
| 999 |
_c199104 _d199104 |
||